The science of being great

Bibliographic Details
Main Author: Wattles, Wallace D
Format: Book
Published: Selangor : Masterpiece Publication , 2006
Subjects:

MARC

LEADER 00000cam a2200000 7i4500
001 0000012359
005 20150201.0
008 071213
020 |a 9833710026 
090 0 0 |a 158.1   |b WAT 
100 1 |a Wattles, Wallace D 
245 1 4 |a The science of being great   |c Wallace D. Wattles 
260 |a Selangor :   |b Masterpiece Publication ,   |c 2006 
650 0 |a Achievement motivation 
650 0 |a Success 
999 |a 0000937063   |b Book   |c Adult Collection   |e Cawangan Bandar Tenggara 
999 |a 0001003839   |b Book   |c Adult Collection   |e Perbadanan Perpustakaan Awam Johor 
999 |a 0001017542   |b Book   |c Adult Collection   |e Cawangan AEON Kulaijaya 
999 |a 0001017544   |b Book   |c Adult Collection   |e Perbadanan Perpustakaan Awam Johor 
999 |a 0001017545   |b Book   |c Adult Collection   |e Cawangan AEON Kulaijaya 
999 |a 0001020257   |b Book   |c Adult Collection   |e Cawangan Muar 
999 |a 0001020258   |b Book   |c Adult Collection   |e Cawangan Pontian 
999 |a 0001020478   |b Book   |c Adult Collection   |e Cawangan Bandar Penawar